LEADER 01299nam a2200241 i 4500 001 000000151606 003 CaOOAMICUS 005 20060706000000.0 008 060706s1984 it u000 u ita u 013 $a128945 040 $aSeMil$bita 100 1 $aSanguineti, Edoardo <1930-2010>.$0(OLS)http://semarc/name/13332 245 10$aGiovanni Pascoli :$bpoesia e poetica : Atti del Convegno di Studi Pascoliani, San Mauro 1-2-3- aprile 1982 /$c[relazioni di] Sanguineti ... [et al.]. 260 $aRimini :$bMaggioli,$ccopyr. 1984. 300 $a489 p. ;$c24 cm. 500 $aIn testa al front. : Comune di San Mauro Pascoli, Comitato per le onoranze a Giovanni Pascoli nel 70° anniversario della morte (1912-1982). - A piè del front. : coi contributi della Regione Emilia-Romagna... - Fondo Ciprandi. 650 4$aPascoli, Giovanni <1855-1912> - Congressi - 1982.$0(OLS)http://semarc/subject/29607 850 $aSeMil 852 $aSeMil$W1$xVenegono$y1$m1C V 146$j103628$B103628$CSeMilBibl$Z2$F112687 $81 941 1 $a1 961 $aOmaggio: Ciprandi dott. Paolo 996 $6245$aGiovanni Pascoli :$bpoesia e poetica : Atti del Convegno di Studi Pascoliani, San Mauro 1-2-3- aprile 1982$9(OLS)http://semarc/title/221575 996 $6260$aRimini :$bMaggioli$9(OLS)http://semarc/publisher/33702 LEADER 01075nam a2200265 i 4500 001 000000175099 003 CaOOAMICUS 005 20081023000000.0 008 081023s2008 it u000 u ita u 013 $a152576 020 $a978-88-95522-20-3 040 $aSeMil$bita 100 1 $aMacchetti, Enrico.$0(OLS)http://semarc/name/65345 245 10$aLev Sestòv. Schiavitù del sapere e tragedia della libertà /$cEnrico Macchetti. 260 $aVercelli :$bEdizioni Mercurio,$ccopyr. 2008. 300 $a254 p. ;$c21 cm. 490 0 $aStudi umanistici 500 $aContiene : Bibliografia. 830 0$aStudi umanistici.$0(OLS)http://semarc/title/26551 850 $aSeMil 852 $aSeMil$W1$xVenegono$y1$m1O VI 167$j125924$B125924$CSeMilBibl$Z2$F139620 $81 961 $aOmaggio: Bressan don Luca 996 $6020$a978-88-95522-20-3$9(OLS)http://semarc/number/163269 996 $6245$aLev Sestòv. Schiavitù del sapere e tragedia della libertà$9(OLS)http://semarc/title/251132 996 $6260$aVercelli :$bEdizioni Mercurio$9(OLS)http://semarc/publisher/35285